[Event "15th International Khazar Cup (Masters) 2017"]
[Site "Rasht,Guilan,Iran"]
[Date "2017.01.20"]
[Round "1"]
[Board "1"]
[White "Moradi, Behrooz"]
[Black "Sargissian, Gabriel"]
[Result "0-1"]
[WhiteElo "2194"]
[BlackElo "2667"]
[PlyCount "0"]
[EventDate "2017.01.20"]
[EventRounds "9"]
[EventCountry "IRI"]

1. e4 e5 2. Nf3 Nc6 3. Bb5 a6 4. Ba4 Nf6 5. Qe2 Be7 6. O-O b5 7. Bb3 O-O 8. d4 d6
9. dxe5 dxe5 10. Rd1 Bd6 11. Bg5 h6 12. Bd5 hxg5 13. Bxc6 Rb8 14. Nc3 Rb6 15. Bd5
g4 16. Ne1 g6 17. a4 b4 18. Nb1 Kg7 19. a5 Rb8 20. Bc4 g3 21. hxg3 Rh8 22. Nd2
Qg8 23. Nd3 Ng4 24. Qe1 Rh6 25. Nf3 Qh7 26. Kf1 Rh1+ 27. Ng1 Qh2 28. Ke2 Qxg2 29.
Kd2 Nf6 30. Kc1 Bg4 31. Qf1 Qxe4 32. f3 Qxc4 33. fxg4 Nxg4 34. Qf3 Rbh8 35. b3
Qd4 36. Kd2 R8h2+ 0-1

[Event "15th International Khazar Cup (Masters) 2017"]
[Site "Rasht,Guilan,Iran"]
[Date "2017.01.20"]
[Round "1"]
[Board "2"]
[White "Berkes, Ferenc"]
[Black "Doostkam, P"]
[Result "1-0"]
[WhiteElo "2648"]
[BlackElo "2187"]
[PlyCount "0"]
[EventDate "2017.01.20"]
[EventRounds "9"]
[EventCountry "IRI"]

1. d4 {[%clk 1:30:55]} e6 {[%clk 1:30:39]} 2. Nf3 {[%clk 1:31:05]} Nf6
{[%clk 1:31:02]} 3. Bg5 {[%clk 1:31:14]} c5 {[%clk 1:31:24]} 4. e3
{[%clk 1:31:24]} Be7 {[%clk 1:30:54]} 5. Nbd2 {[%clk 1:27:03]} cxd4
{[%clk 1:28:37]} 6. exd4 {[%clk 1:27:26]} b6 {[%clk 1:28:59]} 7. Bd3
{[%clk 1:23:10]} Bb7 {[%clk 1:27:32]} 8. O-O {[%clk 1:22:41]} O-O
{[%clk 1:27:37]} 9. Re1 {[%clk 1:23:04]} d6 {[%clk 1:25:51]} 10. a4
{[%clk 1:23:16]} a6 {[%clk 1:25:41]} 11. Nf1 {[%clk 1:16:47]} Nbd7
{[%clk 1:22:01]} 12. Ng3 {[%clk 1:16:39]} Re8 {[%clk 1:10:58]} 13. c3
{[%clk 1:16:36]} Qc7 {[%clk 1:05:58]} 14. h4 {[%clk 1:16:23]} h6 {[%clk 1:00:19]}
15. Bd2 {[%clk 1:14:38]} Bf8 {[%clk 0:55:32]} 16. h5 {[%clk 1:14:09]} Bc6
{[%clk 0:51:27]} 17. c4 {[%clk 1:01:12]} d5 {[%clk 0:45:50]} 18. Rc1
{[%clk 1:00:45]} dxc4 {[%clk 0:43:57]} 19. Bxc4 {[%clk 0:58:52]} Bd6
{[%clk 0:38:16]} 20. Bf1 {[%clk 0:53:26]} Bxg3 {[%clk 0:33:37]} 21. fxg3
{[%clk 0:53:48]} Qd6 {[%clk 0:30:38]} 22. Bf4 {[%clk 0:53:51]} Qd5
{[%clk 0:30:57]} 23. Ne5 {[%clk 0:52:08]} Rec8 {[%clk 0:24:03]} 24. g4
{[%clk 0:43:49]} Nxe5 {[%clk 0:21:42]} 25. Rxe5 {[%clk 0:44:10]} Qa2
{[%clk 0:20:06]} 26. g5 {[%clk 0:42:53]} hxg5 {[%clk 0:17:08]} 27. Rxg5
{[%clk 0:36:47]} Ne4 {[%clk 0:09:49]} 28. Rg4 {[%clk 0:37:04]} Qxb2
{[%clk 0:07:26]} 29. Rc2 {[%clk 0:36:40]} Qb4 {[%clk 0:05:19]} 30. h6
{[%clk 0:26:58]} g6 {[%clk 0:05:43]} 31. Be5 {[%clk 0:27:00]} Kh7
{[%clk 0:04:20]} 32. Rxc6 {[%clk 0:27:12]} Rxc6 {[%clk 0:03:07]} 33. Rxe4
{[%clk 0:27:35]} Rac8 {[%clk 0:02:53]} 34. Rf4 {[%clk 0:23:50]} f5
{[%clk 0:02:11]} 35. Qe2 {[%clk 0:19:53]} g5 {[%clk 0:00:32]} 36. Rf2
{[%clk 0:19:06]} Rc1 {[%clk 0:00:32]} 37. Qxa6 {[%clk 0:18:52]} Kxh6
{[%clk 0:00:35]} 38. Qb7 {[%clk 0:19:06]} R8c7 {[%clk 0:00:34]} 39. Bxc7
{[%clk 0:17:58]} Qxd4 {[%clk 0:00:35]} 40. g3 {[%clk 0:17:18]} Qd7
{[%clk 0:00:31]} 41. Qh1+ {[%clk 0:13:05]} Kg6 {[%clk 0:00:52]} 42. Be5
{[%clk 0:13:27]} Qxa4 {[%clk 0:00:00]} 1-0

[Event "15th International Khazar Cup (Masters) 2017"]
[Site "Rasht,Guilan,Iran"]
[Date "2017.01.20"]
[Round "1"]
[Board "3"]
[White "Korevand, Sina"]
[Black "Lupulescu, Constantin"]
[Result "0-1"]
[WhiteElo "2184"]
[BlackElo "2625"]
[PlyCount "0"]
[EventDate "2017.01.20"]
[EventRounds "9"]
[EventCountry "IRI"]

1. e4 c6 2. d4 d5 3. Nd2 dxe4 4. Nxe4 Bf5 5. Ng3 Bg6 6. Bc4 e6 7. N1e2 Bd6 8. Nf4
Nf6 9. c3 Nbd7 10. O-O Nb6 11. Bb3 Qc7 12. Qf3 Nbd5 13. Nxg6 hxg6 14. Re1 O-O-O
15. Bg5 Bf4 16. Bxf4 Nxf4 17. Re5 N4d5 18. h3 c5 19. Bxd5 Nxd5 20. Re4 Nf6 21.
dxc5 Nxe4 22. Nxe4 Kb8 23. b4 f5 24. Nd6 Rxd6 25. cxd6 Qxd6 26. Rd1 Qc7 27. c4
Qxc4 28. Qg3+ Ka8 29. Qxg6 Qe2 30. Rc1 Qe5 31. Qf7 a6 32. Qc7 Qb2 33. b5 Qxb5 34.
Qxg7 Rd8 35. Qc3 e5 36. a4 Qxa4 37. Qxe5 f4 38. Qf5 Qb4 39. h4 Ka7 40. h5 Qd6 41.
Qc5+ Qxc5 42. Rxc5 b5 43. g4 fxg3 44. fxg3 b4 45. Kg2 Kb6 46. Rf5 a5 47. g4 b3
48. h6 b2 49. Rf1 a4 0-1

[Event "15th International Khazar Cup (Masters) 2017"]
[Site "Rasht,Guilan,Iran"]
[Date "2017.01.20"]
[Round "1"]
[Board "4"]
[White "Zubov, Alexander"]
[Black "Maleki, Mojtaba"]
[Result "1-0"]
[WhiteElo "2606"]
[BlackElo "2183"]
[PlyCount "0"]
[EventDate "2017.01.20"]
[EventRounds "9"]
[EventCountry "IRI"]

1. d4 Nf6 2. c4 g6 3. Nc3 d5 4. e3 Bg7 5. Qb3 dxc4 6. Bxc4 O-O 7. Nf3 Nc6 8. Be2
a6 9. O-O b5 10. Rd1 Bf5 11. Ne5 Nxe5 12. dxe5 Nd7 13. f4 Qc8 14. e4 Be6 15. Qc2
Nb6 16. Nd5 Nxd5 17. exd5 Bf5 18. Qc5 e6 19. Bf3 exd5 20. Bxd5 Rd8 21. Be3 Rb8
22. Qe7 Rxd5 23. Rxd5 Be6 24. Rd2 Bf8 25. Qh4 c6 26. a3 Bd5 27. h3 Qf5 28. Rc1 b4
29. axb4 Bxb4 30. Re2 Qd3 31. Qf2 a5 32. Kh2 Rb5 33. Bd4 a4 34. Qe3 Qxe3 35. Bxe3
Be7 36. Rc3 Rb4 37. Kg3 Re4 38. Kf2 g5 39. fxg5 Rxe5 40. Bd4 Rxe2+ 41. Kxe2 Bxg2
42. Bf6 Kf8 43. Rc4 Bxh3 44. Rxa4 Bxf6 45. gxf6 Ke8 46. Ra7 Be6 47. Kf3 h5 48.
Kg3 Bd5 49. Kh4 Bf3 50. b4 Bg4 51. Re7+ Kf8 52. Rc7 Ke8 53. Rxc6 Kd7 54. Ra6 Be2
55. Ra7+ 1-0

[Event "15th International Khazar Cup (Masters) 2017"]
[Site "Rasht,Guilan,Iran"]
[Date "2017.01.21"]
[Round "2"]
[Board "1"]
[White "Sargissian, Gabriel"]
[Black "Toufighi, Homayoon"]
[Result "1-0"]
[WhiteElo "2667"]
[BlackElo "2407"]
[PlyCount "0"]
[EventDate "2017.01.20"]
[EventRounds "9"]
[EventCountry "IRI"]

1. d4 {[%clk 1:30:56]} e6 {[%clk 1:20:16]} 2. Nf3 {[%clk 1:29:40]} Nf6
{[%clk 1:20:21]} 3. c4 {[%clk 1:30:03]} d5 {[%clk 1:15:22]} 4. Nc3
{[%clk 1:30:04]} Be7 {[%clk 1:15:39]} 5. Bf4 {[%clk 1:29:55]} O-O
{[%clk 1:11:14]} 6. e3 {[%clk 1:29:41]} Nbd7 {[%clk 1:11:19]} 7. c5
{[%clk 1:22:39]} Nh5 {[%clk 1:06:41]} 8. Bd3 {[%clk 1:22:18]} Nxf4
{[%clk 1:03:36]} 9. exf4 {[%clk 1:22:43]} c6 {[%clk 1:03:21]} 10. O-O
{[%clk 1:22:21]} b6 {[%clk 1:03:16]} 11. b4 {[%clk 1:22:34]} a5 {[%clk 1:03:32]}
12. a3 {[%clk 1:22:30]} Ba6 {[%clk 0:52:44]} 13. Bxa6 {[%clk 1:09:19]} Rxa6
{[%clk 0:52:52]} 14. Qe2 {[%clk 1:06:34]} b5 {[%clk 0:50:10]} 15. Rab1
{[%clk 1:02:58]} axb4 {[%clk 0:46:37]} 16. axb4 Ra3 {[%clk 0:41:39]} 17. Qb2
{[%clk 0:59:22]} Ra8 {[%clk 0:39:55]} 18. Ra1 {[%clk 0:58:02]} Qc7
{[%clk 0:40:16]} 19. Ne2 {[%clk 0:54:51]} Bf6 {[%clk 0:38:50]} 20. Ra3
{[%clk 0:53:07]} Rxa3 {[%clk 0:36:25]} 21. Qxa3 {[%clk 0:53:21]} g6
{[%clk 0:35:22]} 22. Ra1 {[%clk 0:53:12]} Rb8 {[%clk 0:35:29]} 23. g3
{[%clk 0:44:04]} Bg7 {[%clk 0:33:02]} 24. Qa5 {[%clk 0:39:46]} Qc8
{[%clk 0:32:50]} 25. Qa6 {[%clk 0:39:48]} Qc7 {[%clk 0:32:35]} 26. Ne5
{[%clk 0:38:57]} Rc8 {[%clk 0:28:57]} 27. Qa7 {[%clk 0:35:29]} Nxe5
{[%clk 0:26:14]} 28. fxe5 {[%clk 0:32:08]} Bh6 {[%clk 0:23:14]} 29. Qxc7
{[%clk 0:28:37]} Rxc7 {[%clk 0:23:28]} 30. Ra8+ {[%clk 0:28:41]} Kg7
{[%clk 0:23:52]} 31. f4 {[%clk 0:29:05]} g5 {[%clk 0:24:20]} 32. Kf2
{[%clk 0:28:56]} gxf4 {[%clk 0:24:46]} 33. gxf4 {[%clk 0:28:45]} f6
{[%clk 0:21:57]} 34. Kf3 {[%clk 0:28:39]} Kg6 {[%clk 0:20:31]} 35. Nc1
{[%clk 0:27:47]} Kf5 {[%clk 0:16:49]} 36. Ne2 {[%clk 0:25:40]} Kg6
{[%clk 0:17:08]} 37. Ra6 {[%clk 0:24:10]} Bg7 {[%clk 0:10:12]} 38. Nc1
{[%clk 0:22:47]} Kf5 {[%clk 0:10:38]} 39. Nd3 {[%clk 0:21:32]} fxe5
{[%clk 0:08:58]} 40. dxe5 {[%clk 0:21:49]} Bh6 {[%clk 0:09:22]} 41. h3
{[%clk 0:18:48]} d4 {[%clk 0:04:56]} 42. h4 {[%clk 0:11:15]} Bxf4
{[%clk 0:03:13]} 43. Nxf4 {[%clk 0:11:40]} Kxe5 {[%clk 0:03:41]} 44. Ra1
{[%clk 0:11:21]} Kf5 {[%clk 0:03:51]} 45. Ra8 {[%clk 0:10:17]} Rf7
{[%clk 0:03:13]} 46. Nd3 {[%clk 0:10:30]} Ke4+ 47. Kxe4 1-0

[Event "15th International Khazar Cup (Masters) 2017"]
[Site "Rasht,Guilan,Iran"]
[Date "2017.01.21"]
[Round "2"]
[Board "2"]
[White "Khodashenas, Mersad"]
[Black "Berkes, Ferenc"]
[Result "0-1"]
[WhiteElo "2370"]
[BlackElo "2648"]
[PlyCount "0"]
[EventDate "2017.01.20"]
[EventRounds "9"]
[EventCountry "IRI"]

1. c4 {[%clk 1:30:59]} Nf6 {[%clk 1:30:28]} 2. Nc3 {[%clk 1:31:27]} e5
{[%clk 1:30:35]} 3. Nf3 Nc6 {[%clk 1:30:35]} 4. e3 {[%clk 1:27:08]} Bb4
{[%clk 1:30:47]} 5. Qc2 {[%clk 1:27:37]} Bxc3 {[%clk 1:27:38]} 6. Qxc3
{[%clk 1:28:05]} Qe7 {[%clk 1:27:58]} 7. a3 {[%clk 1:26:46]} d5 {[%clk 1:27:39]}
8. cxd5 {[%clk 1:24:40]} Nxd5 {[%clk 1:28:02]} 9. Qb3 {[%clk 1:24:18]} Nb6
{[%clk 1:28:17]} 10. d3 {[%clk 1:23:23]} O-O {[%clk 1:27:46]} 11. Be2
{[%clk 1:22:06]} a5 {[%clk 1:26:22]} 12. O-O {[%clk 1:21:08]} a4 {[%clk 1:26:34]}
13. Qc3 {[%clk 1:21:22]} Rd8 {[%clk 1:13:46]} 14. h3 {[%clk 1:14:12]} Nd7
{[%clk 1:09:24]} 15. b4 {[%clk 1:06:57]} axb3 {[%clk 1:09:48]} 16. Bb2
{[%clk 1:07:26]} Nc5 {[%clk 1:07:46]} 17. Nxe5 {[%clk 0:56:56]} Nxe5
{[%clk 1:07:19]} 18. Qxe5 {[%clk 0:56:35]} Qxe5 {[%clk 1:07:43]} 19. Bxe5
{[%clk 0:56:59]} c6 20. Rab1 {[%clk 0:26:38]} Rxa3 {[%clk 0:58:35]} 21. Bc3
{[%clk 0:22:49]} Be6 {[%clk 0:52:53]} 22. Bd1 {[%clk 0:20:39]} Nxd3
{[%clk 0:51:57]} 23. Be2 {[%clk 0:19:09]} Ra2 {[%clk 0:48:49]} 24. Bd1
{[%clk 0:18:55]} Rc2 {[%clk 0:47:49]} 0-1

[Event "15th International Khazar Cup (Masters) 2017"]
[Site "Rasht,Guilan,Iran"]
[Date "2017.01.21"]
[Round "2"]
[Board "3"]
[White "Lupulescu, Constantin"]
[Black "Sedaghati, Mehrdad"]
[Result "1-0"]
[WhiteElo "2625"]
[BlackElo "2315"]
[PlyCount "0"]
[EventDate "2017.01.20"]
[EventRounds "9"]
[EventCountry "IRI"]

1. d4 {[%clk 1:30:57]} Nf6 {[%clk 1:17:47]} 2. c4 {[%clk 1:31:21]} e6
{[%clk 1:18:16]} 3. Nf3 {[%clk 1:31:45]} b6 {[%clk 1:18:19]} 4. Bf4
{[%clk 1:32:09]} Bb7 {[%clk 1:17:17]} 5. e3 {[%clk 1:32:12]} d5 {[%clk 1:14:58]}
6. Nc3 {[%clk 1:31:09]} Bd6 {[%clk 1:13:22]} 7. Bg5 {[%clk 1:28:58]} Nbd7
{[%clk 1:09:58]} 8. cxd5 {[%clk 1:25:40]} exd5 {[%clk 1:09:46]} 9. Bd3
{[%clk 1:22:02]} O-O {[%clk 1:08:43]} 10. O-O {[%clk 1:22:06]} a6
{[%clk 1:08:20]} 11. Bf5 {[%clk 1:18:51]} h6 {[%clk 1:06:26]} 12. Bh4
{[%clk 1:17:37]} Be7 {[%clk 1:01:56]} 13. Qc2 {[%clk 1:13:23]} Re8
{[%clk 1:01:38]} 14. Rac1 {[%clk 1:09:46]} Nf8 {[%clk 0:51:14]} 15. Ne2 Bd6
{[%clk 0:45:06]} 16. Ne5 {[%clk 0:53:00]} c5 {[%clk 0:42:48]} 17. Ng4
{[%clk 0:51:00]} Be7 {[%clk 0:42:05]} 18. Bxf6 {[%clk 0:41:55]} Bxf6
{[%clk 0:41:29]} 19. dxc5 {[%clk 0:41:55]} bxc5 {[%clk 0:41:53]} 20. Qxc5
{[%clk 0:41:04]} Bxb2 {[%clk 0:42:18]} 21. Rb1 {[%clk 0:32:11]} Bc8
{[%clk 0:42:30]} 22. Bxc8 {[%clk 0:30:52]} Rxc8 {[%clk 0:42:16]} 23. Qb4
{[%clk 0:31:15]} Bf6 {[%clk 0:39:14]} 24. Nxf6+ {[%clk 0:26:53]} Qxf6
{[%clk 0:39:41]} 25. Qb3 {[%clk 0:25:12]} Red8 {[%clk 0:39:13]} 26. Rfd1
{[%clk 0:24:17]} Qe5 {[%clk 0:37:17]} 27. Qb2 {[%clk 0:22:32]} Qf5
{[%clk 0:36:06]} 28. Nd4 {[%clk 0:21:54]} Qf6 {[%clk 0:35:37]} 29. Qb7
{[%clk 0:21:19]} a5 {[%clk 0:28:14]} 30. Qb6 {[%clk 0:18:22]} Ne6
{[%clk 0:20:42]} 31. Qxa5 {[%clk 0:17:53]} Ra8 {[%clk 0:21:07]} 32. Qd2
{[%clk 0:17:32]} Nxd4 {[%clk 0:21:31]} 33. exd4 {[%clk 0:13:39]} Ra4
{[%clk 0:21:30]} 34. Rb4 {[%clk 0:13:28]} Rda8 {[%clk 0:21:26]} 35. Rxa4
{[%clk 0:11:37]} Rxa4 {[%clk 0:21:46]} 36. Qb2 {[%clk 0:11:32]} Qa6
{[%clk 0:19:56]} 37. Rd2 {[%clk 0:11:14]} Qe6 {[%clk 0:19:10]} 38. Qb8+
{[%clk 0:09:46]} Kh7 {[%clk 0:19:34]} 39. Qb1+ {[%clk 0:10:12]} Qg6
{[%clk 0:17:07]} 40. Qxg6+ {[%clk 0:10:05]} Kxg6 {[%clk 0:17:36]} 41. Kf1
{[%clk 0:09:58]} Kf5 {[%clk 0:17:42]} 42. Ke2 {[%clk 0:10:24]} g5
{[%clk 0:17:23]} 43. Kd1 {[%clk 0:05:33]} h5 {[%clk 0:14:41]} 44. Kc1
{[%clk 0:01:47]} Ke4 {[%clk 0:13:00]} 45. Kb2 {[%clk 0:01:46]} g4
{[%clk 0:04:09]} 46. g3 {[%clk 0:01:06]} f5 {[%clk 0:01:59]} 47. Kb3
{[%clk 0:01:28]} Ra8 {[%clk 0:02:11]} 48. a4 {[%clk 0:01:51]} f4 {[%clk 0:02:35]}
49. gxf4 {[%clk 0:01:38]} h4 {[%clk 0:02:25]} 50. Kb4 {[%clk 0:01:45]} Rb8+
{[%clk 0:01:17]} 51. Kc5 {[%clk 0:02:12]} Rc8+ {[%clk 0:01:46]} 52. Kb5
{[%clk 0:02:32]} Rb8+ {[%clk 0:01:36]} 53. Kc6 {[%clk 0:02:07]} Ra8
{[%clk 0:01:38]} 54. Ra2 {[%clk 0:02:08]} Kxd4 {[%clk 0:01:48]} 55. a5
{[%clk 0:02:19]} Ke4 {[%clk 0:01:58]} 56. a6 {[%clk 0:01:53]} d4 {[%clk 0:01:23]}
57. Kb7 {[%clk 0:01:37]} Rf8 {[%clk 0:00:39]} 58. a7 {[%clk 0:01:50]} Kxf4
{[%clk 0:00:53]} 59. a8=Q {[%clk 0:01:28]} Rxa8 {[%clk 0:01:20]} 60. Kxa8
{[%clk 0:01:37]} Kf3 {[%clk 0:01:20]} 61. Kb7 {[%clk 0:01:49]} d3
{[%clk 0:01:18]} 62. Kc6 {[%clk 0:01:30]} Kg2 {[%clk 0:01:44]} 63. f4+
{[%clk 0:01:45]} Kh3 {[%clk 0:02:04]} 64. Rd2 {[%clk 0:01:35]} 1-0

[Event "15th International Khazar Cup (Masters) 2017"]
[Site "Rasht,Guilan,Iran"]
[Date "2017.01.21"]
[Round "2"]
[Board "4"]
[White "Noroozi, Omid"]
[Black "Zubov, Alexander"]
[Result "0-1"]
[WhiteElo "2336"]
[BlackElo "2606"]
[PlyCount "0"]
[EventDate "2017.01.20"]
[EventRounds "9"]
[EventCountry "IRI"]

1. c4 {[%clk 1:23:41]} Nf6 {[%clk 1:29:55]} 2. Nc3 {[%clk 1:24:06]} d5
{[%clk 1:29:59]} 3. cxd5 {[%clk 1:24:19]} Nxd5 {[%clk 1:30:24]} 4. Nf3
{[%clk 1:23:26]} Nxc3 {[%clk 1:24:06]} 5. bxc3 {[%clk 1:23:37]} c5
{[%clk 1:23:37]} 6. d4 {[%clk 1:19:45]} g6 {[%clk 1:19:28]} 7. e3
{[%clk 1:18:38]} Bg7 {[%clk 1:19:29]} 8. Be2 {[%clk 1:17:07]} O-O
{[%clk 1:19:16]} 9. O-O {[%clk 1:17:34]} b6 {[%clk 1:08:32]} 10. a4
{[%clk 1:14:01]} Bb7 {[%clk 1:05:53]} 11. a5 {[%clk 1:13:34]} Nd7
{[%clk 1:05:39]} 12. Qb3 {[%clk 1:07:36]} e6 {[%clk 1:03:33]} 13. Ba3
{[%clk 0:48:21]} Qc7 {[%clk 1:03:20]} 14. Nd2 {[%clk 0:45:51]} Rfb8 15. axb6
{[%clk 0:44:20]} axb6 {[%clk 0:59:05]} 16. Bf3 {[%clk 0:41:34]} Bxf3
{[%clk 0:51:32]} 17. Nxf3 {[%clk 0:42:01]} Qc6 {[%clk 0:51:38]} 18. c4
{[%clk 0:36:59]} Rc8 {[%clk 0:46:09]} 19. Rfc1 {[%clk 0:32:54]} cxd4
{[%clk 0:44:52]} 20. exd4 {[%clk 0:32:21]} Bh6 {[%clk 0:40:51]} 21. Rc3
{[%clk 0:23:22]} Ra4 {[%clk 0:33:45]} 22. d5 {[%clk 0:16:50]} exd5
{[%clk 0:33:24]} 23. Nd4 {[%clk 0:16:26]} Qa8 {[%clk 0:33:34]} 24. cxd5
{[%clk 0:16:35]} Rxc3 {[%clk 0:31:20]} 25. Qxc3 {[%clk 0:17:03]} Bg7
{[%clk 0:31:14]} 26. Bb2 {[%clk 0:17:22]} Rxa1+ {[%clk 0:31:13]} 27. Bxa1
{[%clk 0:17:51]} Qxd5 {[%clk 0:31:05]} 28. Qd2 {[%clk 0:15:43]} Nc5
{[%clk 0:29:52]} 0-1

[Event "15th International Khazar Cup (Masters) 2017"]
[Site "Rasht,Guilan,Iran"]
[Date "2017.01.21"]
[Round "2"]
[Board "5"]
[White "Khademi, Mohammad Miran"]
[Black "Korneev, Oleg"]
[Result "1/2-1/2"]
[WhiteElo "2315"]
[BlackElo "2598"]
[PlyCount "0"]
[EventDate "2017.01.20"]
[EventRounds "9"]
[EventCountry "IRI"]

1. g3 {[%clk 1:15:43]} d5 {[%clk 1:27:31]} 2. Bg2 {[%clk 1:16:05]} Nf6
{[%clk 1:27:26]} 3. f4 {[%clk 1:14:37]} Bf5 {[%clk 1:26:20]} 4. Nf3
{[%clk 1:14:52]} e6 {[%clk 1:26:45]} 5. b3 {[%clk 1:15:03]} Be7 {[%clk 1:27:00]}
6. Bb2 {[%clk 1:15:23]} O-O {[%clk 1:27:21]} 7. e3 {[%clk 1:12:53]} c5
{[%clk 1:23:07]} 8. d3 {[%clk 1:10:57]} h6 {[%clk 1:22:44]} 9. h3
{[%clk 1:10:12]} Bh7 {[%clk 1:21:25]} 10. O-O {[%clk 1:04:05]} Nc6
{[%clk 1:21:51]} 11. g4 {[%clk 1:03:04]} Nd7 {[%clk 1:20:42]} 12. Qe1
{[%clk 0:53:37]} Bf6 {[%clk 1:20:48]} 13. Bxf6 {[%clk 0:53:44]} Qxf6
{[%clk 1:20:26]} 14. Nc3 {[%clk 0:54:06]} c4 {[%clk 1:11:21]} 15. bxc4
{[%clk 0:49:29]} dxc4 {[%clk 1:11:04]} 16. g5 {[%clk 0:49:51]} hxg5
{[%clk 1:10:17]} 17. Nxg5 {[%clk 0:50:12]} cxd3 18. Nxh7 {[%clk 0:38:00]} Kxh7
{[%clk 1:09:26]} 19. cxd3 {[%clk 0:38:21]} Kg8 {[%clk 1:08:40]} 20. Rb1
{[%clk 0:38:22]} Rab8 {[%clk 1:07:38]} 21. Rb5 {[%clk 0:38:30]} a6
{[%clk 0:55:18]} 22. Rg5 {[%clk 0:35:47]} Ne7 {[%clk 0:51:33]} 23. Bf3
{[%clk 0:23:04]} Rfc8 {[%clk 0:45:39]} 24. d4 {[%clk 0:21:16]} Nf5
{[%clk 0:44:43]} 25. Kh1 {[%clk 0:10:17]} Rc7 {[%clk 0:42:51]} 26. Rfg1
{[%clk 0:09:28]} Rbc8 {[%clk 0:42:41]} 27. Ne4 {[%clk 0:09:51]} Qe7
{[%clk 0:43:04]} 28. Ng3 {[%clk 0:09:27]} g6 {[%clk 0:40:44]} 29. Nxf5
{[%clk 0:05:17]} exf5 {[%clk 0:40:53]} 30. Qg3 {[%clk 0:03:43]} Nf6
{[%clk 0:34:54]} 31. Rxf5 {[%clk 0:03:30]} Ne4 {[%clk 0:34:27]} 32. Qe1
{[%clk 0:01:31]} Qe6 {[%clk 0:19:29]} 33. Bg4 {[%clk 0:00:35]} Qxa2
{[%clk 0:14:39]} 34. Ra5 {[%clk 0:00:53]} Qb2 {[%clk 0:12:37]} 35. Qb1
{[%clk 0:01:06]} Nf2+ {[%clk 0:10:44]} 36. Kg2 {[%clk 0:01:29]} Qd2
{[%clk 0:10:47]} 37. Qe1 {[%clk 0:00:51]} Qb2 {[%clk 0:10:27]} 38. Qb1
{[%clk 0:00:51]} Qd2 {[%clk 0:03:53]} 39. Qe1 {[%clk 0:01:14]} Qb2
{[%clk 0:01:35]} 40. Qb1 {[%clk 0:01:37]} Qd2 {[%clk 0:01:20]} 41. Qe1
{[%clk 0:02:01]} Qb2 {[%clk 0:01:46]} 42. Kh1 Ne4 43. Qa1 Ng3+ 44. Qe1 Ne4 45.
Rg2 Rc2 1/2-1/2

[Event "15th International Khazar Cup (Masters) 2017"]
[Site "Rasht,Guilan,Iran"]
[Date "2017.01.21"]
[Round "2"]
[Board "6"]
[White "Tarlev, Konstantin"]
[Black "Omidi, Arya"]
[Result "1-0"]
[WhiteElo "2592"]
[BlackElo "2313"]
[PlyCount "0"]
[EventDate "2017.01.20"]
[EventRounds "9"]
[EventCountry "IRI"]

1. e4 {[%clk 1:27:41]} c5 {[%clk 1:30:57]} 2. Nf3 {[%clk 1:28:06]} d6
{[%clk 1:31:23]} 3. d4 {[%clk 1:27:28]} cxd4 {[%clk 1:31:48]} 4. Nxd4
{[%clk 1:27:48]} Nf6 {[%clk 1:32:12]} 5. Nc3 {[%clk 1:27:14]} a6 {[%clk 1:32:34]}
6. Be2 {[%clk 1:24:49]} e5 {[%clk 1:32:51]} 7. Nf3 {[%clk 1:24:49]} Be7
{[%clk 1:31:58]} 8. Bg5 {[%clk 1:24:33]} Nbd7 {[%clk 1:31:56]} 9. a4
{[%clk 1:22:33]} O-O {[%clk 1:28:48]} 10. Nd2 {[%clk 1:08:19]} h6
{[%clk 1:26:25]} 11. Bh4 {[%clk 0:57:15]} d5 {[%clk 1:20:45]} 12. exd5
{[%clk 0:55:55]} Nxd5 {[%clk 1:18:42]} 13. Bxe7 {[%clk 0:49:08]} Nxe7
{[%clk 1:18:31]} 14. Nc4 {[%clk 0:49:34]} Nc6 {[%clk 1:18:19]} 15. O-O
{[%clk 0:49:51]} Nd4 {[%clk 1:13:54]} 16. Re1 f6 {[%clk 0:56:15]} 17. Nd5
{[%clk 0:39:25]} b5 {[%clk 0:54:09]} 18. axb5 {[%clk 0:39:19]} Bb7
{[%clk 0:54:21]} 19. Nce3 {[%clk 0:30:57]} axb5 {[%clk 0:53:48]} 20. Rxa8
{[%clk 0:30:17]} Bxa8 {[%clk 0:53:42]} 21. Bf1 {[%clk 0:21:11]} Nc5
{[%clk 0:47:01]} 22. c3 {[%clk 0:21:17]} Bxd5 {[%clk 0:44:59]} 23. cxd4
{[%clk 0:21:43]} Bb3 {[%clk 0:45:04]} 24. Qc1 {[%clk 0:22:07]} Qxd4
{[%clk 0:40:33]} 25. Nf5 {[%clk 0:22:30]} Qd7 {[%clk 0:30:13]} 26. Nxh6+
{[%clk 0:20:06]} gxh6 {[%clk 0:30:22]} 27. Qxc5 {[%clk 0:20:34]} Qd5
{[%clk 0:26:15]} 28. Qe3 {[%clk 0:20:13]} Kg7 {[%clk 0:25:50]} 29. Qg3+
{[%clk 0:19:43]} Kf7 {[%clk 0:24:44]} 30. Ra1 {[%clk 0:19:28]} Re8
{[%clk 0:07:11]} 31. Qh3 {[%clk 0:19:08]} Bc4 {[%clk 0:04:03]} 32. Ra7+
{[%clk 0:14:24]} Re7 {[%clk 0:04:27]} 33. Qh5+ {[%clk 0:14:52]} Ke6
{[%clk 0:04:49]} 34. Ra6+ {[%clk 0:14:54]} Kd7 {[%clk 0:05:11]} 35. Qf5+
{[%clk 0:15:21]} Re6 {[%clk 0:03:36]} 36. Bxc4 {[%clk 0:06:46]} bxc4
{[%clk 0:01:00]} 37. h4 {[%clk 0:06:39]} Ke7 {[%clk 0:00:38]} 38. Qh7+
{[%clk 0:06:49]} 1-0